000 01251 a2200229 4500
005 20080911122152.0
008 080911t xxu||||| |||| 00| 0 hin d
010 _aHIN-80584
020 _c150.00
035 _aHN-52930
037 _bD.B.Act / pub
082 _a230.092
100 _aउपाध्याय, भगवतशरण
245 _aभारतीय व्यक्ति कोशःवैदिक,पौराणिक,रामायण और महाभारत साहित्य के समन्वित
_cभगवतशरण उपाध्याय
246 _aBhartiy Vyakti Kosh
_bby Bhgvatsjaran Uppadyay
250 _a3रा संस्क
260 _aनई दिल्ली
_bआर्य बुक डिपो
_c1999
270 _a30 नाईवाला, करोल बाग
_bनई दिल्ली
_e110005
_k5721221
300 _a260पृ
_c22सेमी (सजिल्द)
942 _adpl
_cHN
_k230.092 / उपाध्या
_2ddc
_h230.092
_m उपाध्या
999 _c6391
_d6391